00683nam a2200217Ia 4500001000700000003000500007008004100012010001100053040000900064082001400073100007200087245005900159260006400218300005600282440000500338500003300343503000500376650002700381650003000408650002700438Z_4814CHAP220113s2001 xx 000 0 und d a167867 cCHAP a338.18 F5 aFideicomisos Instituidos en Relación con la Agricultura. México aFormulación y evaluación de proyectos /cpor FIRA aChapingo, Méx. :bUACH. Departamento de Zootecnia,c2001 a219 h. + 21 h. de anexo matemáticas financieras a aFotocopía notas del curso. a aAgriculturaxFinanzas  aEvaluación de proyectos aPolítica agrícola